Who Played James Bond in This Movie? - Statistics

General Stats
  • This quiz has been taken 424 times
  • The average score is 11 of 12
Answer Stats
Question Answer % Correct
Who played James Bond in "Skyfall"? Daniel Craig
98%
Who played James Bond in "Spectre"? Daniel Craig
98%
Who played James Bond in "Goldfinger"? Sean Connery
98%
Who played James Bond in "The Spy Who Loved Me"? Roger Moore
93%
Who played James Bond in "Dr. No"? Sean Connery
93%
Who played James Bond in "On Her Majesty's Secret Service"? George Lazenby
91%
Who played James Bond in "GoldenEye"? Pierce Brosnan
91%
Who played James Bond in "Die Another Day"? Pierce Brosnan
89%
Who played James Bond in "Octopussy"? Roger Moore
86%
Who played James Bond in "For Your Eyes Only"? Roger Moore
84%
Who played James Bond in "Licence to Kill"? Timothy Dalton
84%
Who played James Bond in "You Only Live Twice"? Sean Connery
80%
No matching quizzes found
Score Distribution
Percent of People with Each Score
Percentile by Number Answered
Your Score History
You have not taken this quiz